| 000 | 00598nam a2200205 4500 | ||
|---|---|---|---|
| 001 | 86076 | ||
| 003 | BD-RjUL | ||
| 005 | 20260108111754.0 | ||
| 008 | 260108s1961 pk ||||| |||| 001 e urd d | ||
| 035 | _a(BD-RjUL) 86076 | ||
| 040 |
_aBD-RjUL _beng _cBD-RjUL |
||
| 041 | _aurd | ||
| 082 |
_223 _a8912.43909 _bJAH 1961 |
||
| 100 |
_aجالبی ، جمیل ;; Jalibi, Jamil _917579 |
||
| 245 |
_aحاجی بغلول ;; Haji Baghlool / _cجمیل جالبی ;; Jamil Jalibi |
||
| 260 |
_aKarachi : _bMushtaq book, _c1961 |
||
| 300 |
_a296 p. ; _c17 cm |
||
| 650 | _aUrdu Literature | ||
| 942 |
_2ddc _cBK |
||
| 999 |
_c86076 _d86076 |
||